El diablo de la botella / (Registro nro. 10475)

Detalles MARC
000 -LIDER
fixed length control field 01130nam a22003377a 4500
003 - IDENTIFICACDOR DE NÚMERO DE CONTROL
control field DO-SdBNP
005 - DATE AND TIME OF LATEST TRANSACTION
control field 20180124085938.0
008 - ELEMENTOS DE LONGITUD FIJA
fixed length control field 151208b 1988 sp xxu||||| |||| 00| 0 spa d
020 ## - ISBN
International Standard Book Number 843950912X
040 ## - FUENTE DE CATALOGACIÓN
Agencia que crea de manera original el registro BPMSU
Idioma de catalogación spa
Agencia que realiza la transcripción BPMSU
092 ## - LOCALLY ASSIGNED DEWEY DECIMAL CALL NUMBER
Número de clasificación XXXXX
Número de ítem (Cutter) XXXXX
100 1# - ASIENTO PRINCIPAL -- NOMBRE PERSONAL
Nombre personal Stevenson, Robert Louis,
Fechas asociadas con el nombre 1850-1894.
245 10 - MENCIÓN DE TITULO
Título El diablo de la botella /
Mención de responsabilidad Robert Louis Stevenson ; traductor José Luis Izquierdo Hernández
260 ## - PUBLICACIÓN, DISTRIBUCIÓN, ETC. (PIE DE IMPRENTA)
Lugar de publicación, distribución, etc Barcelona :
Nombre del editor, distribuidor, etc. Talleres Gráficos Cayfosa,
Fecha de publicación, distribución, etc 1988
300 ## - DESCRIPCIÓN FÍSICA
Extensión 86 p. ;
Dimensiones 20 cm.
490 1# - MENCIÓN DE SERIES
Mención de serie El libro de bolsillo
490 1# - MENCIÓN DE SERIES
Mención de serie Austral Juvenil
505 0# - NOTA DE CONTENIDO
Texto normalizado de contenido Los ladrones de cadáveres --<br/>Markheim --<br/>Olalla --<br/>El diablo de la botella --<br/>La playa de Falesá.
700 12 - ASIENTO SECUNDARIO -- NOMBRE PERSONAL
Nombre personal Izquierdo Hernández, José Luis,
Mención de responsabilidad tr.
740 02 - ASIENTO SECUNDARIO DE TÍTULOS RELACIONADOS O ANALÍTICOS NO CONTROLADOS
Título analítico o relacionado no controlado Los ladrones de cadáveres.
740 02 - ASIENTO SECUNDARIO DE TÍTULOS RELACIONADOS O ANALÍTICOS NO CONTROLADOS
Título analítico o relacionado no controlado Markheim.
740 02 - ASIENTO SECUNDARIO DE TÍTULOS RELACIONADOS O ANALÍTICOS NO CONTROLADOS
Título analítico o relacionado no controlado Olalla.
740 02 - ASIENTO SECUNDARIO DE TÍTULOS RELACIONADOS O ANALÍTICOS NO CONTROLADOS
Título analítico o relacionado no controlado El diablo de la botella.
740 02 - ASIENTO SECUNDARIO DE TÍTULOS RELACIONADOS O ANALÍTICOS NO CONTROLADOS
Título analítico o relacionado no controlado La playa de Falesá.
830 #0 - ASIENTO SECUNDARIO DE SERIE--TÍTULO UNIFORME
Título uniforme El libro de bolsillo
Número de la parte o sección de una obra ; 735
830 #0 - ASIENTO SECUNDARIO DE SERIE--TÍTULO UNIFORME
Título uniforme Clásicos
910 ## - VALIDACIÓN
Validación 00260
942 ## - ADDED ENTRY ELEMENTS (KOHA)
Source of classification or shelving scheme Dewey Decimal Classification
Koha item type Libros
945 ## - INFORMACIÓN DE PROCESAMIENTO LOCAL
Información de procesamiento local Inventariado extranjero / 2018 VM
956 ## - LOCAL ELECTRONIC LOCATION AND ACCESS (OCLC)
Nombre de host dgarcia
Número de acceso 10
Existencias
Withdrawn status Lost status Source of classification or shelving scheme Damaged status Not for loan Collection code Home library Current library Date acquired Total Checkouts Barcode Date last seen Price effective from Koha item type
    Dewey Decimal Classification     Colección Juvenil General Biblioteca Pública Metropolitana Salomé Ureña Biblioteca Pública Metropolitana Salomé Ureña 01/24/2018   BPMSU18010036 01/24/2018 01/24/2018 Libros